00542 2200217 4500001002100000005001500021035002000036001002100056005001500077035002000092245003200112100001200144250001700156300003200173260003300205082001000238084001600248020002200264650001400286500002400300INLIS00000000000066520240830091047 a0010-0824000183INLIS00000000000053320240816090101 a0010-08240000511 aBudi Daya Terung /cMashudi0 aMashudi aCetakan Ke-1 aiv, 52 hlm :bIlus ;c21 cm aJakarta :bAzka Press,c2007 a635.6 a635.6 MAS b a978-979-1211-41-3 4aPertanian aSeri Bercocok Tanam